000 01307nam a2200349 c 4500
001 12866
003 ES-MaCES
005 20141221122219.0
008 011018s2001 sp d s o000 | spa d
017 _aM 31465-2000
_bDL
024 7 _a201-01-094-8
_2nipo
035 _aCES20010016085m
040 _aES-MaCES
_bspa
_cES-MaCES
245 0 0 _aEstadística de convenios colectivos de trabajo 1999-2000 (avance)
_cMinisterio de Trabajo y Asuntos Sociales, Subdirección General de Publicaciones
260 _aMadrid
_bMTAS, la Subdirección
_c2001
300 _a113 p.
_bgráf.
_c30 cm
541 _cGratuito
650 4 _aconvenio colectivo
_928361
650 4 _acondiciones de trabajo
_928327
650 4 _aempresa privada
_927145
650 4 _aempresa pública
_927148
650 4 _aEspaña
_926964
650 4 _a1999-2000
_931553
650 4 _adatos estadísticos
_930765
653 1 0 _aEstadísticas económico-sociales
710 1 _aEspaña
_bMinisterio de Trabajo y Asuntos Sociales
_93273
787 0 _tEstadística de convenios colectivos de trabajo 2000-2001 (avance)
_w(ES-MaCES)14104
787 0 _tEstadística de convenios colectivos de trabajo 1998-1999 (avance)
_w(ES-MaCES)10963
902 _aLIB Libro
942 _2CES
_cBK
_h8.2.
999 _c12866
_d12866